Moderní leadership trendy a úspěšná řešení

Salvato in:
Dettagli Bibliografici
Autore principale: Horváthová, Petra
Altri autori: Klimsza, Lucjan, Nierostek, Lech
Natura: Libro
Lingua:ceco
Pubblicazione: Praha Leges 2022
Edizione:1. vydání
Soggetti:
Tags: Aggiungi Tag
Nessun Tag, puoi essere il primo ad aggiungerne!!

MARC

LEADER 00000nam a2200000 4500
001 0300394
005 20240607082446.7
020 |a 978-80-7502-632-3 
041 0 |a cze 
044 |a CZ 
245 1 0 |a Moderní leadership  |b trendy a úspěšná řešení  |c Petra Horváthová, Lucjan Klimsza, Lech Nierostek 
250 |a 1. vydání 
264 1 |a Praha  |b Leges  |c 2022 
300 |a 163 s. 
610 2 0 |a vedenie ľudí 
610 2 0 |a lídri 
610 2 0 |a blahobyt 
610 2 0 |a pandémia 
610 2 0 |a práca z domu 
610 2 0 |a kapitál ľudský 
610 2 0 |a etika manažérska 
100 1 |a Horváthová, Petra 
700 1 |a Klimsza, Lucjan 
700 1 |a Nierostek, Lech